| 000 | 00597nam a2200181Ia 4500 | ||
|---|---|---|---|
| 008 | 151018s9999 xx 000 0 und d | ||
| 082 |
_bRBASDV22434 _a891.463 |
||
| 100 | _aरवींद्र भट | ||
| 245 | _aसागरा प्राण तळमळला | ||
| 250 | _b1 | ||
| 260 |
_bइंद्रायणी _c1991 |
||
| 300 | _a364 | ||
| 600 | _aरवींद्र भट | ||
| 630 | _aसागरा प्राण तळमळला | ||
| 700 | _aरवींद्र भट | ||
| 730 | _aसागरा प्राण तळमळला | ||
| 942 | _cBOOK | ||
| 999 |
_c1022103 _d1022100 |
||